ر شا ش (Record no. 181459)

MARC details
000 -LEADER
fixed length control field 00600nam a22001937a 4500
005 - DATE AND TIME OF LATEST TRANSACTION
control field 20210915103059.0
010 ## - LCCN (DPL NO)
LC control number UR-11231
020 ## - INTERNATIONAL STANDARD BOOK NUMBER
Terms of availability 150.00
International Standard Book Number 9789390789382
035 ## - SYSTEM CONTROL NUMBER
System control number U-9786
037 ## - SOURCE OF ACQUISITION
Source of stock number/acquisition DBAD/PUB
082 ## - DEWEY DECIMAL CLASSIFICATION NUMBER
Classification number 841
100 ## - MAIN ENTRY--PERSONAL NAME
Personal name عا تکہ ما ہين
245 ## - TITLE STATEMENT
Title ر شا ش
Statement of responsibility, etc عا تکہ ما ہين
246 ## - VARYING FORM OF TITLE
Title proper/short title Rashash (Urdu)
Remainder of title by Atika Maheen
260 ## - PUBLICATION, DISTRIBUTION, ETC. (IMPRINT)
Place of publication, distribution, etc N.Delhi
Date of publication, distribution, etc 2021 ء
Name of publisher, distributor, etc Educational Publishing House
270 ## - ADDRESS
Address 3191, Vakil Street, Kucha Pandit Lal Kuan,
City Delhi
Postal code 110006
Fax number -
300 ## - PHYSICAL DESCRIPTION
Extent 107 ص
Dimensions 22 Cm(Hb)
942 ## - ADDED ENTRY ELEMENTS (KOHA)
Source of classification or shelving scheme Dewey Decimal Classification
Item type Urdu Bks
Classification part 841
Call number suffix ع ا ت
Holdings
Withdrawn status Lost status Not for loan Collection code Home library Current library Date acquired Source of acquisition Cost, normal purchase price Full call number Barcode Copy number Cost, replacement price Koha item type
    Not For Loan Non-fiction Central Library Central Library 15/09/2021 DBAD/PUB 150.00 841 ع ا ت U-9786 1 150.00 Urdu Bks

© Delhi Public Library
Hit Counter
free hit counter